000 01220nam a2200325 i 4500
001 69623
003 Mx-PuUPA
005 20220609104101.0
008 220602s2018 enkad||gr|||| 001 0 eng d
020 _a9780335243389
040 _aMx-PuUPA
_bspa
_cMx-PuUPA
_dMx-PuUPA
_erda
041 0 _aeng
100 1 _aBell, Judith,
_eautor
_d1929-2015
_912699
245 1 0 _aDoing your research project :
_ba guide for first-time researchers /
_cJudith Bell and Stephen Waters
250 _aSeventh edition
264 1 _aLondon, England :
_bMcGraw-Hill Education,
_c2018
300 _axvi, 344 páginas :
_bilustraciones, gráficas ;
_c23 cm
336 _2rdacontent
_atexto
_btxt
337 _2rdamedia
_asin medio
_bn
338 _2rdacarrier
_avolumen
_bnc
500 _aOver 300,000 copies sold across editions.--Cubierta.
650 7 _2armarc
_aEducación
_xInvestigación
650 7 _2armarc
_aEducación
_xInvestigación
_vMetodología
650 7 _2armarc
_aCiencias sociales
_xInvestigación
700 1 _aWaters, Stephen,
_eautor
942 _2ddc
_cLI
_h370.7
_iB425
999 _c69623
_d69623